000 00470nam a2200193Ia 4500
005 20250423100128.0
008 250422s9999 xx 000 0 und d
020 _a0-13-562075-9
050 _aQA 276. F692
100 _aRosengrant M. A
245 0 _aMathematical Statistics
250 _a4th ed.
260 _aNew Jersey
260 _bPrentice Hall International. Inc
260 _c1987
300 _a608 p
650 _aMathematical Statistics
942 _cBK
999 _c32371
_d32371